|
|
|
|
| LEADER |
00000nam0a2200000 4500 |
| 001 |
174945 |
| 005 |
20231031164941.0 |
| 010 |
|
|
|a 0566066316
|
| 035 |
|
|
|a (RuTPU)RU\TPU\book\189708
|
| 090 |
|
|
|a 174945
|
| 100 |
|
|
|a 20100206d1989 k y0rusy50 ca
|
| 101 |
1 |
|
|a rus
|c eng
|
| 102 |
|
|
|a RU
|
| 105 |
|
|
|a a z 000zy
|
| 200 |
1 |
|
|a Микропроцессоры: социально-экономические аспекты внедрения
|e пер. с англ.
|f под ред. М. Уорнера
|
| 210 |
|
|
|c Экономика
|d 1989
|a Москва
|
| 215 |
|
|
|a 223 с.
|c ил.
|
| 330 |
|
|
|a Книга охватывает широкий круг социально-экономических проблем, вызванных внедрением в экономику новейшей технологии, основанной на использовании достижений микроэлектроники, промышленных роботов. Анализируются технико-экономические и организационно-управленческие условия, определяющие эффективность внедрения систем автоматизированного проектирования и управления производством. Рассматриваются опыт и социально-экономические эффекты внедрения электронной технологии на фирмах Великобритании, ФРГ, Японии.
|
| 610 |
1 |
|
|a микропроцессоры
|
| 610 |
1 |
|
|a социально-экономические аспекты
|
| 610 |
1 |
|
|a промышленные роботы
|
| 610 |
1 |
|
|a нововведения
|
| 610 |
1 |
|
|a микроэлектроника
|
| 610 |
1 |
|
|a новые технологии
|
| 610 |
1 |
|
|a автоматизация
|
| 610 |
1 |
|
|a электронная промышленность
|
| 675 |
|
|
|a 658.589
|v 3
|
| 702 |
|
1 |
|a Уорнер
|b М.
|g Малькольм
|4 340
|
| 801 |
|
1 |
|a RU
|b 63413507
|c 20100206
|
| 801 |
|
2 |
|a RU
|b 63413507
|c 20160420
|g RCR
|
| 942 |
|
|
|c BK
|